[Event "M.Chigorin Memorial 2017 "]
[Site "?????-?????????"]
[Date "2017.10.25"]
[Round "5"]
[Board "166"]
[White "Nuritdinov, Nizomitdin"]
[Black "Golovanskikh, Dmitriy"]
[Result "1-0"]
[WhiteElo "1924"]
[BlackElo "1471"]
[PlyCount "47"]
[EventDate "2017.10.21"]
[EventRounds "9"]
[EventCountry "RUS"]

1. d4 d5 2. Nf3 Nf6 3. c4 e6 4. Bg5 Be7 5. e3 O-O 6. Nc3 h6 7. Bh4 b6 8. Rc1
Bb7 9. Bxf6 Bxf6 10. cxd5 exd5 11. Bd3 Re8 12. O-O a6 13. Bb1 Nd7 14. Qc2 g6
15. Ne2 Rc8 16. Nf4 Bg7 17. g3 Nf6 18. Ne5 Ne4 19. f3 Bxe5 20. dxe5 Nc5 21.
Nxg6 fxg6 22. Qxg6+ Kf8 23. Qxh6+ Ke7 24. Rxc5  1-0

[Event "M.Chigorin Memorial 2017 "]
[Site "?????-?????????"]
[Date "2017.10.25"]
[Round "5"]
[Board "167"]
[White "Efimenko, Aleksandr"]
[Black "Aslanov, Umid"]
[Result "1-0"]
[WhiteElo "1865"]
[BlackElo "1520"]
[PlyCount "105"]
[EventDate "2017.10.21"]
[EventRounds "9"]
[EventCountry "RUS"]

1. e4 c5 2. Nf3 d6 3. d4 cxd4 4. Nxd4 Nf6 5. Nc3 a6 6. Be2 e6 7. O-O Be7 8. Be3
Qc7 9. f4 O-O 10. Bf3 Nc6 11. Qe1 e5 12. Nb3 Be6 13. f5 Bc4 14. Be2 Nb4 15. Rc1
Kh8 16. Bxc4 Qxc4 17. Nd2 Qc7 18. a3 Nc6 19. Qe2 Nd4 20. Qd3 b5 21. Nd5 Nxd5
22. exd5 b4 23. axb4 Bf6 24. Ne4 Qd8 25. c3 Nb5 26. Rf3 Rc8 27. c4 Nd4 28. Bxd4
exd4 29. Nxf6 Qxf6 30. Rf4 Rfe8 31. Qxd4 Re5 32. Rcf1 Rxf5 33. Qxf6 Rxf6 34.
Rxf6 gxf6 35. b3 Kg7 36. Ra1 Rb8 37. Ra4 Kg6 38. Kf2 Kf5 39. Ke3 Ke5 40. Kd3 f5
41. g3 h5 42. Kc3 Rb6 43. c5 Rb8 44. Kc4 dxc5 45. bxc5 h4 46. c6 Kd6 47. Rxa6
Rg8 48. Ra1 hxg3 49. hxg3 Rxg3 50. Rf1 Rg5 51. b4 f4 52. Rxf4 Rxd5 53. Rf6+  1-0

[Event "M.Chigorin Memorial 2017 "]
[Site "?????-?????????"]
[Date "2017.10.25"]
[Round "5"]
[Board "168"]
[White "Terzyan, Nazar"]
[Black "Mustafazade, Fikrat"]
[Result "1-0"]
[WhiteElo "1717"]
[BlackElo "1466"]
[PlyCount "79"]
[EventDate "2017.10.21"]
[EventRounds "9"]
[EventCountry "RUS"]

1. e4 Nf6 2. Nc3 d5 3. exd5 Nxd5 4. Nf3 Bg4 5. Be2 c6 6. O-O e6 7. d4 Be7 8.
Nxd5 cxd5 9. Bf4 Nc6 10. c3 O-O 11. h3 Bh5 12. Re1 Bf6 13. Qd2 Rc8 14. Bd3 Na5
15. Qe3 Nc4 16. Bxc4 Rxc4 17. g4 Bg6 18. g5 Be7 19. Ne5 Rc8 20. Kg2 Bd6 21. h4
Bxe5 22. Bxe5 Bf5 23. Qg3 Kh8 24. Kh2 f6 25. Bf4 fxg5 26. Bxg5 Qb6 27. Rg1 Qxb2
28. Bc1 Qxf2+ 29. Qxf2 Rxc3 30. Be3 Rc2 31. Qxc2 Bxc2 32. Rac1 Bg6 33. Rcf1 Bf5
34. Bf4 h6 35. Be5 Rf7 36. Rg2 Kh7 37. Rfg1 g6 38. Rc1 Be4 39. Rb2 b6 40. Rc7
 1-0

[Event "M.Chigorin Memorial 2017 "]
[Site "?????-?????????"]
[Date "2017.10.25"]
[Round "5"]
[Board "169"]
[White "Sviridov, Leon"]
[Black "Surovtseva, Alisa"]
[Result "0-1"]
[WhiteElo "1427"]
[BlackElo "1693"]
[PlyCount "112"]
[EventDate "2017.10.21"]
[EventRounds "9"]
[EventCountry "RUS"]

1. e4 e5 2. Nf3 Nc6 3. d4 exd4 4. Nxd4 Bb4+ 5. c3 Bc5 6. Be3 Bb6 7. Nf5 Bxe3 8.
Nxe3 d6 9. Bb5 Nge7 10. O-O O-O 11. f4 f5 12. exf5 Nxf5 13. Nxf5 Rxf5 14. Bc4+
Kh8 15. Bd3 Rf6 16. Re1 Bf5 17. Bxf5 Rxf5 18. Qg4 Qf6 19. Rf1 Rf8 20. g3 g5 21.
Nd2 gxf4 22. Ne4 Qg6 23. Qxg6 hxg6 24. g4 Re5 25. Nf2 g5 26. Rae1 Rfe8 27. Rd1
Kg7 28. Nd3 Re2 29. Rf2 Kf6 30. Kf1 R2e3 31. h4 Rh3 32. hxg5+ Kxg5 33. Kg2 Rg3+
34. Kf1 Rxg4 35. Rh2 Rh4 36. Rg2+ Kf5 37. Kf2 Ne5 38. Nxe5 dxe5 39. Rd7 Ke4 40.
Rf7 Rd8 41. Ke2 Rh3 42. Rf2 f3+ 43. Ke1 Rh1+ 44. Rf1 Rxf1+ 45. Kxf1 Ke3 46. Ke1
e4 47. Rf6 Rh8 48. Kd1 Rh2 49. Rf7 f2 50. Kc1 Ke2 51. Kc2 f1=Q 52. Rxf1 Kxf1+
53. Kd1 e3 54. Kc1 e2 55. Kd2 Rh3 56. Kc2 e1=Q  0-1

[Event "M.Chigorin Memorial 2017 "]
[Site "?????-?????????"]
[Date "2017.10.25"]
[Round "5"]
[Board "170"]
[White "Naryshkina, Irina"]
[Black "Pitkanen, Juhani"]
[Result "1/2-1/2"]
[WhiteElo "1382"]
[BlackElo "1657"]
[PlyCount "95"]
[EventDate "2017.10.21"]
[EventRounds "9"]
[EventCountry "RUS"]

1. d4 Nf6 2. c4 g6 3. Nf3 Bg7 4. Bf4 d6 5. Nc3 Nbd7 6. e3 O-O 7. d5 Nc5 8. Be2
e5 9. dxe6 Nxe6 10. Bg3 b6 11. O-O Bb7 12. Rc1 a5 13. h3 Ne4 14. Nxe4 Bxe4 15.
Nd2 Bb7 16. b3 f5 17. Bf3 Bxf3 18. Nxf3 Qe7 19. h4 Kh8 20. Re1 Rae8 21. Bf4
Nxf4 22. exf4 Qd7 23. Qd5 c6 24. Qd3 Rxe1+ 25. Rxe1 h6 26. Rd1 Rd8 27. h5 gxh5
28. Nh4 Qf7 29. Nxf5 Qf6 30. Qh3 h4 31. Nxh4 Kh7 32. f5 d5 33. Nf3 d4 34. g4
Kg8 35. Rd3 c5 36. Qh5 Rf8 37. Nh4 Rf7 38. Ng6 Qd8 39. f4 Qe8 40. Kf2 Qe4 41.
Qh3 Rf6 42. Qg3 Rf7 43. Nh4 Bf6 44. g5 hxg5 45. fxg5 Be5 46. Qh3 Qf4+ 47. Kg1
Qxg5+ 48. Qg2  1/2-1/2

[Event "M.Chigorin Memorial 2017 "]
[Site "?????-?????????"]
[Date "2017.10.25"]
[Round "5"]
[Board "171"]
[White "Chekletsova, Darya"]
[Black "Ali, Ahad"]
[Result "1-0"]
[WhiteElo "1636"]
[BlackElo "1356"]
[PlyCount "75"]
[EventDate "2017.10.21"]
[EventRounds "9"]
[EventCountry "RUS"]

1. d4 Nf6 2. c4 e6 3. Nc3 Bb4 4. Qc2 d5 5. c5 O-O 6. a3 Bxc3+ 7. Qxc3 c6 8. Nf3
Nbd7 9. Bf4 Re8 10. Qc2 a5 11. e3 b6 12. cxb6 Qxb6 13. Bd3 Ba6 14. Bxa6 Qxa6
15. Qe2 c5 16. Qxa6 Rxa6 17. h3 c4 18. Ke2 Rb6 19. Rab1 Rc8 20. Nd2 Nb8 21.
Rhc1 a4 22. Rc2 Nc6 23. Rbc1 Na5 24. f3 h6 25. Nb1 Nb3 26. Rh1 Nh5 27. Bh2 Na1
28. Rd2 Nb3 29. Rdd1 Nf6 30. Nc3 Ra8 31. Rb1 Kf8 32. Rhd1 Ke7 33. Be5 g6 34.
Bf4 Ng8 35. g4 g5 36. Bg3 f5 37. gxf5 exf5 38. Nxd5+  1-0

[Event "M.Chigorin Memorial 2017 "]
[Site "?????-?????????"]
[Date "2017.10.25"]
[Round "5"]
[Board "172"]
[White "Chagina, Ulyana"]
[Black "Serov, Aleksandr"]
[Result "0-1"]
[WhiteElo "1571"]
[BlackElo "1456"]
[PlyCount "88"]
[EventDate "2017.10.21"]
[EventRounds "9"]
[EventCountry "RUS"]

1. d4 Nf6 2. Nf3 e6 3. e3 b6 4. c4 Bb4+ 5. Bd2 a5 6. a3 Be7 7. Nc3 Bb7 8. Bd3
O-O 9. O-O c5 10. Bc2 d5 11. cxd5 Nxd5 12. Ne5 cxd4 13. exd4 Nd7 14. Qh5 N5f6
15. Qh4 Ne4 16. Qh3 Nxe5 17. dxe5 Qxd2 18. Bxe4 Bxe4 19. Nxe4 Qxb2 20. Qg3 Qd4
21. Qf4 Rad8 22. g3 Rd5 23. Rfb1 Qxe5 24. Qxe5 Rxe5 25. Nd2 b5 26. Nb3 b4 27.
Nd4 Rc8 28. axb4 Bxb4 29. Kg2 h6 30. Ra4 Rd5 31. Ne2 Rc2 32. Nf4 Rdd2 33. Nh3
Ra2 34. Ra1 Rxa4 35. Rxa4 Rd3 36. Nf4 Ra3 37. Rxa3 Bxa3 38. Ne2 Bb2 39. Nf4 a4
40. Nd3 a3 41. Nb4 f5 42. Kf3 g5 43. g4 Kf7 44. gxf5 exf5  0-1

[Event "M.Chigorin Memorial 2017 "]
[Site "?????-?????????"]
[Date "2017.10.25"]
[Round "5"]
[Board "173"]
[White "Petrova, Varvara"]
[Black "Sakalli, Selcuk Orkun"]
[Result "0-1"]
[WhiteElo "1362"]
[BlackElo "1699"]
[PlyCount "86"]
[EventDate "2017.10.21"]
[EventRounds "9"]
[EventCountry "RUS"]

1. e4 c5 2. Nf3 Nc6 3. d4 cxd4 4. Nxd4 Nf6 5. Nc3 e5 6. Ndb5 d6 7. Bc4 a6 8.
Na3 b5 9. Bd5 Bb7 10. Ne2 Nxd5 11. Qxd5 Qc7 12. Qd1 b4 13. Nc4 Nd4 14. Ne3 Nxe2
15. Qxe2 Bxe4 16. Bd2 a5 17. f3 Bc6 18. Qc4 Qb7 19. Qg4 g6 20. O-O Bd7 21. Qg3
Bg7 22. Nc4 Qc7 23. Ne3 O-O 24. Kh1 f5 25. Qe1 f4 26. Nd5 Qxc2 27. Nb6 Rad8 28.
Nxd7 Rxd7 29. Rb1 g5 30. Qc1 Qd3 31. Qd1 d5 32. Qa4 Rfd8 33. Rfd1 Qe2 34. Qxa5
g4 35. fxg4 f3 36. gxf3 Qxf3+ 37. Kg1 Qxg4+ 38. Kh1 Qf3+ 39. Kg1 Rd6 40. Be1
Bh6 41. Bf2 Be3 42. Bxe3 Rg6+ 43. Bg5 Rxg5#  0-1

[Event "M.Chigorin Memorial 2017 "]
[Site "?????-?????????"]
[Date "2017.10.25"]
[Round "5"]
[Board "174"]
[White "Makeev, Konstantin"]
[Black "Shceglov, Mikhail"]
[Result "1-0"]
[WhiteElo "1688"]
[BlackElo "1503"]
[PlyCount "103"]
[EventDate "2017.10.21"]
[EventRounds "9"]
[EventCountry "RUS"]

1. e4 c5 2. Nc3 d6 3. g3 Nc6 4. Bg2 g6 5. f4 Bg7 6. Nf3 e6 7. O-O Nge7 8. d3
O-O 9. Be3 a6 10. a3 Nd4 11. Bf2 Nec6 12. Nxd4 cxd4 13. Ne2 e5 14. h3 f5 15.
Kh2 Bd7 16. c3 Rb8 17. cxd4 Nxd4 18. Nxd4 exd4 19. Rc1 Qb6 20. b4 Rbc8 21. Qb3+
Kh8 22. Qd5 Rfe8 23. e5 Bc6 24. Qxd6 Rcd8 25. Qc5 Qxc5 26. Rxc5 Bf8 27. Bxc6
bxc6 28. Rxc6 a5 29. Rc4 axb4 30. axb4 Rb8 31. Rb1 Re6 32. b5 Reb6 33. Bxd4
Rxb5 34. Rxb5 Rxb5 35. g4 Kg8 36. gxf5 gxf5 37. e6 Rb8 38. Be5 Re8 39. Rc6 Bg7
40. d4 Rd8 41. Kg3 Bxe5 42. dxe5 Kg7 43. Rc7+ Kg6 44. Rd7 Re8 45. Rd6 Re7 46.
Kf3 h6 47. Ke3 Kh5 48. Kd4 Kh4 49. Kd5 Kxh3 50. Rd7 Re8 51. e7 Kg4 52. Ke6  1-0

[Event "M.Chigorin Memorial 2017 "]
[Site "?????-?????????"]
[Date "2017.10.25"]
[Round "5"]
[Board "175"]
[White "Popova, Polina"]
[Black "Oskin, Iakov"]
[Result "1-0"]
[WhiteElo "1560"]
[BlackElo "1410"]
[PlyCount "61"]
[EventDate "2017.10.21"]
[EventRounds "9"]
[EventCountry "RUS"]

1. e4 c5 2. Nf3 d6 3. d4 cxd4 4. Nxd4 Nf6 5. Nc3 g6 6. Be3 Bg7 7. f3 Nc6 8. Qd2
O-O 9. O-O-O a6 10. Bc4 Na5 11. Bb3 b5 12. g4 Bd7 13. h4 h5 14. gxh5 Nxh5 15.
Bh6 Nxb3+ 16. axb3 Qa5 17. Bxg7 Kxg7 18. Rhg1 b4 19. Nb1 Rac8 20. Rg5 Rc5 21.
Nf5+ Bxf5 22. Rxh5 gxh5 23. exf5 Rh8 24. f6+ Kf8 25. fxe7+ Kg7 26. Rg1+ Kh7 27.
Qg2 Rg5 28. Qxg5 Qxg5+ 29. Rxg5 Re8 30. Rxh5+ Kg6 31. Rd5  1-0

[Event "M.Chigorin Memorial 2017 "]
[Site "?????-?????????"]
[Date "2017.10.25"]
[Round "5"]
[Board "176"]
[White "Pogorelov, Boris"]
[Black "Babotin, Nikita"]
[Result "0-1"]
[WhiteElo "1484"]
[BlackElo "1530"]
[PlyCount "108"]
[EventDate "2017.10.21"]
[EventRounds "9"]
[EventCountry "RUS"]

1. e4 c5 2. c3 Nc6 3. d4 cxd4 4. cxd4 e6 5. Nf3 d5 6. e5 Nge7 7. Nc3 Bd7 8. Be2
Nf5 9. Be3 Bb4 10. Qd2 Rc8 11. Rc1 O-O 12. O-O Qb6 13. a3 Bxc3 14. Rxc3 Na5 15.
Rxc8 Rxc8 16. b4 Nc4 17. Bxc4 Rxc4 18. Rc1 Qc6 19. Bf4 Qa4 20. Rxc4 dxc4 21.
Qc1 b5 22. h3 Bc6 23. Qc3 Qb3 24. Bd2 Bxf3 25. gxf3 Qxc3 26. Bxc3 Kf8 27. Kf1
Ke7 28. Ke2 Kd7 29. Bb2 Kc6 30. Kd2 Kd5 31. Ke2 Nxd4+ 32. Ke3 Nf5+ 33. Ke2 h6
34. Kd2 g5 35. Ke2 Ne7 36. Ke3 Nc6 37. f4 a5 38. Bc3 axb4 39. axb4 gxf4+ 40.
Kxf4 Nd4 41. Ke3 Nc2+ 42. Kf4 Na3 43. Bb2 Nb1 44. Ke3 h5 45. f4 c3 46. Bc1 Kc4
47. Ke2 Kxb4 48. Kd3 Kb3 49. Be3 Na3 50. Bc1 b4 51. h4 Nb5 52. Be3 Ka2 53. Bd2
cxd2 54. Kxd2 b3  0-1

[Event "M.Chigorin Memorial 2017 "]
[Site "?????-?????????"]
[Date "2017.10.25"]
[Round "5"]
[Board "177"]
[White "Kudin, Alexander"]
[Black "Koltsova, Alisa"]
[Result "1-0"]
[WhiteElo "1520"]
[BlackElo "1378"]
[PlyCount "79"]
[EventDate "2017.10.21"]
[EventRounds "9"]
[EventCountry "RUS"]

1. e4 e5 2. Nf3 Nf6 3. Nxe5 d6 4. Nf3 Nxe4 5. d4 d5 6. Bd3 Nc6 7. Nbd2 Bf5 8.
Nb3 Bb4+ 9. c3 Qe7 10. O-O Bd6 11. Re1 O-O-O 12. Ng5 h6 13. Nxe4 dxe4 14. g3
Rde8 15. Bb5 Bd7 16. Bxc6 Bxc6 17. c4 Qf6 18. Be3 Bd7 19. c5 Be7 20. Bf4 Qf5
21. d5 g5 22. Bxc7 Kxc7 23. d6+ Kc8 24. dxe7 Rxe7 25. Nd4 Qd5 26. Nb3 Qxd1 27.
Raxd1 Bg4 28. Rd4 Rhe8 29. Nd2 f5 30. Nc4 Kc7 31. Nd6 Rf8 32. b4 Kc6 33. Re3
Bh5 34. Kf1 Bg4 35. Ke1 b6 36. Rc3 b5 37. Ra3 Rb8 38. Ra6+ Kc7 39. Rxa7+ Kd8
40. Nxf5+  1-0

[Event "M.Chigorin Memorial 2017 "]
[Site "?????-?????????"]
[Date "2017.10.25"]
[Round "5"]
[Board "178"]
[White "Airapetyan, Anzhelika"]
[Black "Bugaev, Anton"]
[Result "0-1"]
[WhiteElo "1382"]
[BlackElo "1503"]
[PlyCount "106"]
[EventDate "2017.10.21"]
[EventRounds "9"]
[EventCountry "RUS"]

1. e4 c5 2. Nf3 d6 3. d4 cxd4 4. Nxd4 Nf6 5. Nc3 g6 6. f3 Bg7 7. Be3 O-O 8. Qd2
Nc6 9. O-O-O Nxd4 10. Bxd4 Be6 11. Be3 Qa5 12. Kb1 Rfc8 13. a3 a6 14. Nd5 Qxd2
15. Rxd2 Nxd5 16. exd5 Bd7 17. Bb6 Bh6 18. Rd1 Bf8 19. Be2 e6 20. c4 Ba4 21.
Rc1 Bh6 22. Rc3 exd5 23. cxd5 Rxc3 24. bxc3 Re8 25. Bd3 Be3 26. Ba5 Bc5 27. Bb4
Bxb4 28. axb4 Re3 29. Bc2 Bxc2+ 30. Kxc2 Re2+ 31. Kd3 Rxg2 32. Re1 Kf8 33. Re2
Rxe2 34. Kxe2 Ke7 35. Ke3 b5 36. Kf4 Kf6 37. h4 h5 38. Ke4 g5 39. hxg5+ Kxg5
40. f4+ Kg4 41. Ke3 Kg3 42. Ke4 h4 43. Kf5 h3 44. Kf6 Kxf4 45. Kxf7 Ke5 46. Kg6
h2 47. Kg5 h1=Q 48. Kg4 Qe4+ 49. Kg5 Qf4+ 50. Kg6 Qf6+ 51. Kh5 Qg7 52. Kh4 Kf4
53. Kh3 Qg3#  0-1

[Event "M.Chigorin Memorial 2017 "]
[Site "?????-?????????"]
[Date "2017.10.26"]
[Round "6"]
[Board "1"]
[White "Burmakin, Vladimir"]
[Black "Artemiev, Vladislav"]
[Result "0-1"]
[WhiteElo "2515"]
[BlackElo "2696"]
[PlyCount "118"]
[EventDate "2017.10.21"]
[EventRounds "9"]
[EventCountry "RUS"]

1. Nf3 g6 2. g3 Bg7 3. Bg2 e5 4. O-O Nc6 5. c4 Nf6 6. Nc3 O-O 7. d4 exd4 8.
Nxd4 Re8 9. Nxc6 dxc6 10. Qb3 Qe7 11. Bf4 Ng4 12. Rad1 a5 13. Qc2 Bf5 14. e4
Be6 15. b3 Rad8 16. h3 Ne5 17. Ne2 g5 18. Bxe5 Bxe5 19. f4 Rxd1 20. Rxd1 gxf4
21. gxf4 Bd6 22. Rd3 f6 23. Kh1 Kh8 24. Qd2 a4 25. Rg3 axb3 26. axb3 Bf7 27.
Rd3 Bg6 28. Ng3 Qf8 29. Qe3 Ra8 30. Rd1 Ra2 31. e5 Qe7 32. Qc3 fxe5 33. f5 Bb4
34. Qf3 Bf7 35. Ne4 Ra8 36. f6 Qf8 37. Qg3 Re8 38. Rd7 Bg6 39. Qg5 Rd8 40. Rxd8
Qxd8 41. Qxe5 Bf8 42. c5 Qd5 43. Qxd5 cxd5 44. Ng5 c6 45. b4 Kg8 46. Kg1 Bf5
47. h4 h6 48. Bh3 Bxh3 49. Nxh3 Kf7 50. Kf2 Kxf6 51. Nf4 Kf5 52. Kf3 Bg7 53.
Ng2 Bd4 54. Nf4 Bc3 55. Nd3 Bf6 56. h5 Bc3 57. Ke2 Kg4 58. Ke3 Kxh5 59. b5 Kg4
 0-1

[Event "M.Chigorin Memorial 2017 "]
[Site "?????-?????????"]
[Date "2017.10.26"]
[Round "6"]
[Board "2"]
[White "Sjugirov, Sanan"]
[Black "Triapishko, Alexandr"]
[Result "0-1"]
[WhiteElo "2650"]
[BlackElo "2508"]
[PlyCount "74"]
[EventDate "2017.10.21"]
[EventRounds "9"]
[EventCountry "RUS"]

1. d4 Nf6 2. Nf3 g6 3. Bg5 Bg7 4. Nbd2 O-O 5. e3 c5 6. c3 d6 7. Bc4 cxd4 8.
cxd4 Nc6 9. O-O Qb6 10. Bd3 Be6 11. Qe2 Qxb2 12. Rfb1 Qa3 13. Rxb7 Rab8 14. Rc7
Nb4 15. Ne1 Qa5 16. Rxe7 Qxg5 17. Rxa7 Nfd5 18. Bc4 Nc3 19. Qf1 d5 20. Bb3 Nb5
21. Ndf3 Qd8 22. Ra4 Nc3 23. Ra3 Bd7 24. Nd3 Bb5 25. Qe1 Nb1 26. Rxb1 Bxd3 27.
Rc1 Be4 28. Qd2 Qd7 29. Ra4 Qb5 30. Ne1 Nxa2 31. Qxa2 Qxb3 32. Qxb3 Rxb3 33. g4
Rfb8 34. h4 Bf8 35. Rca1 Rb1 36. Kh2 Bd6+ 37. Kh3 R8b2  0-1

[Event "M.Chigorin Memorial 2017 "]
[Site "?????-?????????"]
[Date "2017.10.26"]
[Round "6"]
[Board "3"]
[White "Mikaelyan, Arman"]
[Black "Kobalia, Mikhail"]
[Result "1-0"]
[WhiteElo "2503"]
[BlackElo "2596"]
[PlyCount "79"]
[EventDate "2017.10.21"]
[EventRounds "9"]
[EventCountry "RUS"]

1. d4 d5 2. Nf3 Nf6 3. c4 c6 4. Nc3 a6 5. c5 Bf5 6. Bf4 Nbd7 7. e3 h6 8. Be2
Ne4 9. O-O e6 10. Nxe4 Bxe4 11. Nd2 Bh7 12. b4 Be7 13. Nb3 O-O 14. a4 Re8 15.
b5 e5 16. bxc6 bxc6 17. Bxe5 Nxe5 18. dxe5 Bf8 19. f4 Qc7 20. Bd3 Bxd3 21. Qxd3
Rab8 22. Rfc1 Rb4 23. Nd4 Qb7 24. a5 Rb8 25. Rc2 Qc8 26. h3 Qb7 27. Kh2 Qc8 28.
Ra3 Rb1 29. Rb3 R1xb3 30. Nxb3 Rb5 31. Rc3 Qb7 32. Qc2 Qd7 33. Qa2 Qc7 34. Qa4
Qd8 35. Qa3 Qc7 36. Nd4 Rxa5 37. Qb4 Ra2 38. Qb6 Qxb6 39. cxb6 Rb2 40. Rb3  1-0

[Event "M.Chigorin Memorial 2017 "]
[Site "?????-?????????"]
[Date "2017.10.26"]
[Round "6"]
[Board "4"]
[White "Alekseenko, Kirill"]
[Black "Yakubboev, Nodirbek"]
[Result "1/2-1/2"]
[WhiteElo "2563"]
[BlackElo "2437"]
[PlyCount "87"]
[EventDate "2017.10.21"]
[EventRounds "9"]
[EventCountry "RUS"]

1. e4 e5 2. Nf3 Nc6 3. Bb5 a6 4. Ba4 d6 5. O-O Bd7 6. Re1 g6 7. d4 Bg7 8. d5
Nce7 9. Bxd7+ Qxd7 10. Be3 Nf6 11. Nfd2 Ng4 12. Bg5 h6 13. Bxe7 Kxe7 14. c4 h5
15. Nc3 h4 16. c5 Nf6 17. Nc4 Rab8 18. f4 Nh5 19. fxe5 Bxe5 20. Nxe5 dxe5 21.
Rf1 Kf8 22. Qd2 Nf4 23. Ne2 g5 24. Rac1 Kg7 25. Nxf4 gxf4 26. Qc3 f6 27. Qf3
Kg6 28. Rf2 Rh5 29. c6 bxc6 30. Rxc6 Rg5 31. Kf1 Rb4 32. Rd2 a5 33. a3 Ra4 34.
d6 h3 35. Rxc7 Qb5+ 36. Kg1 Qb6+ 37. Kh1 hxg2+ 38. Rxg2 Qxd6 39. Rc1 Rd4 40.
Rxg5+ fxg5 41. Qb3 Kg7 42. Qb7+ Qd7 43. Qb3 Qd6 44. Rg1  1/2-1/2

[Event "M.Chigorin Memorial 2017 "]
[Site "?????-?????????"]
[Date "2017.10.26"]
[Round "6"]
[Board "5"]
[White "Bellaiche, Anthony"]
[Black "Vorobiov, Evgeny E."]
[Result "1/2-1/2"]
[WhiteElo "2493"]
[BlackElo "2555"]
[PlyCount "123"]
[EventDate "2017.10.21"]
[EventRounds "9"]
[EventCountry "RUS"]

1. d4 Nf6 2. c4 e6 3. Nc3 Bb4 4. e3 O-O 5. Bd3 d5 6. Nf3 c5 7. O-O dxc4 8. Bxc4
Nc6 9. a3 Ba5 10. h3 a6 11. Bd3 cxd4 12. exd4 Bb6 13. Be3 Ne7 14. Qc2 h6 15.
Qd2 Nf5 16. Bxf5 exf5 17. Rfe1 Nd5 18. Nxd5 Qxd5 19. Bf4 Bd7 20. Re5 Qb3 21.
Bxh6 f6 22. Re7 Rf7 23. Rae1 Qd5 24. Qf4 Bd8 25. Rxf7 Qxf7 26. Qg3 Bc6 27. Nh4
Kh7 28. Bf4 Qh5 29. Bd6 Rc8 30. Rc1 Bb6 31. d5 Bd7 32. Rxc8 Bxc8 33. Nf3 g5 34.
Ne1 Qe2 35. Bb4 f4 36. Qf3 Qxf3 37. Nxf3 Kg6 38. Bc3 Bf5 39. Bd4 Bc7 40. Nd2
Bd3 41. Kh2 Kf5 42. g3 fxg3+ 43. fxg3 Be5 44. Bc3 Bxc3 45. bxc3 Ke5 46. c4 b5
47. cxb5 axb5 48. Kg2 Kxd5 49. Kf3 Ke5 50. h4 gxh4 51. gxh4 Kf5 52. Nb3 Kg6 53.
Nc5 Bc2 54. Kg4 Bd1+ 55. Kf4 Kh5 56. Kg3 Kg6 57. Ne6 Bb3 58. Nd4 Bc4 59. Kg4
Bd3 60. Kg3 Bc4 61. Kf4 Kh5 62. Ke4  1/2-1/2

[Event "M.Chigorin Memorial 2017 "]
[Site "?????-?????????"]
[Date "2017.10.26"]
[Round "6"]
[Board "6"]
[White "Abdusattorov, Nodirbek"]
[Black "Levin, Evgeny A."]
[Result "1-0"]
[WhiteElo "2498"]
[BlackElo "2545"]
[PlyCount "119"]
[EventDate "2017.10.21"]
[EventRounds "9"]
[EventCountry "RUS"]

1. e4 c5 2. Nf3 d6 3. Bb5+ Bd7 4. c4 e6 5. Nc3 Nf6 6. d4 cxd4 7. Nxd4 Be7 8.
O-O O-O 9. Be3 Nc6 10. Bxc6 Bxc6 11. Nxc6 bxc6 12. Qe2 Qa5 13. Rfd1 Rfd8 14.
Rac1 Rd7 15. b3 Rad8 16. h3 Qa6 17. Kf1 Qb7 18. Rd3 Kf8 19. Rcd1 Kg8 20. Bd4
Ne8 21. Na4 c5 22. Be3 Qc6 23. Qf3 Nf6 24. Nc3 a6 25. Bg5 Qc8 26. R1d2 h6 27.
Bf4 Qc6 28. Ke2 Kf8 29. Kf1 Ke8 30. Rd1 Kf8 31. Bg3 Ke8 32. Bh4 Qb7 33. Bg3 Qc6
34. Qe2 Kf8 35. f4 Kg8 36. f5 Re8 37. Qf3 Red8 38. Ke2 Qc8 39. Kf1 Qc6 40. Kg1
Qc8 41. Bh4 Qc7 42. Ne2 exf5 43. Qxf5 Qc6 44. e5 Qe4 45. Qxe4 Nxe4 46. Be1 Rb7
47. Ng3 Nxg3 48. Bxg3 Kf8 49. exd6 Bf6 50. Bf2 Ke8 51. Bxc5 Kd7 52. Bd4 Bxd4+
53. Rxd4 Re8 54. Kf2 a5 55. Re1 Rxe1 56. Kxe1 a4 57. c5 axb3 58. axb3 Rxb3 59.
c6+ Kxc6 60. d7  1-0

[Event "M.Chigorin Memorial 2017 "]
[Site "?????-?????????"]
[Date "2017.10.26"]
[Round "6"]
[Board "7"]
[White "Moiseenko, Vadim"]
[Black "Tsoi, Dmitry"]
[Result "1-0"]
[WhiteElo "2543"]
[BlackElo "2361"]
[PlyCount "73"]
[EventDate "2017.10.21"]
[EventRounds "9"]
[EventCountry "RUS"]

1. Nf3 Nf6 2. g3 d6 3. d4 Nbd7 4. Bg2 e5 5. c4 Be7 6. Nc3 O-O 7. O-O c6 8. Qc2
Qc7 9. b3 a6 10. Bb2 Rb8 11. Rac1 b5 12. dxe5 dxe5 13. cxb5 axb5 14. Rfd1 h6
15. Nd5 Nxd5 16. Rxd5 Qa7 17. Rxe5 Nxe5 18. Nxe5 Rb6 19. Nxc6 Qd7 20. Rd1 Qc7
21. Qe4 Bg5 22. h4 Bb7 23. hxg5 Qxc6 24. Qxc6 Bxc6 25. Rd6 Rc8 26. gxh6 Ra6 27.
hxg7 Rxa2 28. Bd4 Bxg2 29. Kxg2 Rd2 30. Rh6 Rxd4 31. Rh8+ Kxg7 32. Rxc8 Kf6 33.
Kf3 Ke6 34. Ke3 Rb4 35. Rc3 Kd5 36. f3 f6 37. Kd2  1-0

[Event "M.Chigorin Memorial 2017 "]
[Site "?????-?????????"]
[Date "2017.10.26"]
[Round "6"]
[Board "8"]
[White "Oganian, Miran"]
[Black "Alekseev, Evgeny"]
[Result "1/2-1/2"]
[WhiteElo "2454"]
[BlackElo "2622"]
[PlyCount "80"]
[EventDate "2017.10.21"]
[EventRounds "9"]
[EventCountry "RUS"]

1. d4 Nf6 2. c4 e6 3. g3 c5 4. d5 exd5 5. cxd5 d6 6. Nc3 g6 7. Nf3 Bg7 8. Bg2
O-O 9. O-O Nbd7 10. Bf4 Qe7 11. e4 Ng4 12. Bg5 f6 13. Bc1 Nde5 14. Nh4 Bd7 15.
h3 Nh6 16. f4 Nc4 17. b3 Na5 18. Bd2 b5 19. Ne2 Nb7 20. f5 g5 21. Nf3 Nf7 22.
g4 Rfc8 23. Ng3 Be8 24. Bc3 Ne5 25. Rc1 Bf8 26. Rf2 Rab8 27. Bf1 Nd8 28. Nxe5
dxe5 29. Rfc2 Nb7 30. Be1 Qd8 31. Bf2 a6 32. Qd2 Bd6 33. Kg2 Rc7 34. Be2 Rbc8
35. Nf1 Bf8 36. Ne3 Nd6 37. Kf3 Nb7 38. Bd3 h5 39. Kg2 Rh7 40. Qe2 Rb8  1/2-1/2

[Event "M.Chigorin Memorial 2017 "]
[Site "?????-?????????"]
[Date "2017.10.26"]
[Round "6"]
[Board "9"]
[White "Khanin, Semen"]
[Black "Gordievsky, Dmitry"]
[Result "0-1"]
[WhiteElo "2450"]
[BlackElo "2605"]
[PlyCount "112"]
[EventDate "2017.10.21"]
[EventRounds "9"]
[EventCountry "RUS"]

1. e4 g6 2. d4 Bg7 3. Nc3 d6 4. f4 Nf6 5. Nf3 O-O 6. Bd3 Na6 7. O-O c5 8. d5
Bg4 9. h3 Bxf3 10. Qxf3 Nb4 11. a3 Nxd3 12. Qxd3 Qa5 13. Bd2 Qa6 14. Qxa6 bxa6
15. Rad1 Nd7 16. Rfe1 c4 17. Na4 Rfb8 18. e5 dxe5 19. Bc3 f6 20. fxe5 fxe5 21.
Re4 Rc8 22. d6 e6 23. Ba5 Rc6 24. Bc7 Rf8 25. g3 Rf5 26. Nc3 Kf7 27. Na2 Rc5
28. Nb4 a5 29. Bxa5 c3 30. bxc3 Rxa5 31. Rc4 Rc5 32. Rxc5 Nxc5 33. d7 Nb7 34.
Nc6 Bh6 35. g4 Be3+ 36. Kh1 Rf2 37. d8=Q Nxd8 38. Rd7+ Kf6 39. Nxd8 Kg5 40.
Rxh7 Kf4 41. Rf7+ Kg3 42. Rxf2 Bxf2 43. Nxe6 e4 44. c4 Bb6 45. c5 e3 46. Nd4
Bxc5 47. Ne2+ Kf2 48. Nf4 Bxa3 49. h4 e2 50. Nd3+ Kg3 51. h5 gxh5 52. gxh5 Bf8
53. c4 a5 54. c5 Bxc5 55. h6 Bd4 56. h7 a4  0-1

[Event "M.Chigorin Memorial 2017 "]
[Site "?????-?????????"]
[Date "2017.10.26"]
[Round "6"]
[Board "10"]
[White "Palchun, Grigory"]
[Black "Sengupta, Deep"]
[Result "0-1"]
[WhiteElo "2441"]
[BlackElo "2587"]
[PlyCount "112"]
[EventDate "2017.10.21"]
[EventRounds "9"]
[EventCountry "RUS"]

1. d4 e6 2. Bf4 c5 3. e3 Nf6 4. c3 Be7 5. Nd2 O-O 6. Bd3 b6 7. h3 Ba6 8. Bxa6
Nxa6 9. Ngf3 d5 10. Ne5 Nb8 11. O-O Qc8 12. Rc1 Qb7 13. Qf3 Nbd7 14. c4 Rac8
15. Nb3 cxd4 16. exd4 Ne4 17. cxd5 exd5 18. Qd3 Nd6 19. Rfe1 Rxc1 20. Rxc1 Rc8
21. Rc3 Nf8 22. Rxc8 Qxc8 23. Ng4 Nc4 24. Ne3 Nxe3 25. Bxe3 Bf6 26. Qb5 Qd7 27.
Qxd7 Nxd7 28. Nc1 Nb8 29. Ne2 Nc6 30. Nc3 Bxd4 31. Bxd4 Nxd4 32. Nxd5 f6 33. f3
Kf7 34. Kf2 Ke6 35. Nc3 Ke5 36. g3 g5 37. g4 Ne6 38. Kg3 Nc5 39. h4 a6 40. a3
Kd4 41. f4 h6 42. hxg5 hxg5 43. Kf3 b5 44. b4 Nd3 45. Ne2+ Kd5 46. Nc3+ Kc4 47.
Ne4 Nxf4 48. Nxf6 Kb3 49. Ne4 Kxa3 50. Nxg5 Ng6 51. Ke4 Kxb4 52. Nf3 a5 53. Kd4
a4 54. Ne1 Nf4 55. Ke4 Kc3 56. Kxf4 a3  0-1